Langue française: le jeu du dictionnaire #7 - Statistiques

Statistiques générales
  • Ce quiz a été pris 636 fois
  • Le résultat moyen est 15 sur 20
Statistiques - réponses
Catégorie Définition Réponse % Correct
Adjectif Habitant de la capitale italienne Romain
98%
Nom Ce qu'interprête un acteur Rôle
94%
Adjectif Qui a la forme d'un cercle Rond
93%
Verbe Produire un bruit sonore, venant de la gorge et des narines, pendant le sommeil Ronfler
93%
Nom Personne qui règne à vie en tant que souverain d'un état Roi
89%
Nom Jeu sportif américain comprenant entre autre la chevauchée de taureau Rodéo
88%
Verbe Casser quelque chose ou mettre fin à une relation Rompre
88%
Nom Famille de mammifères à laquelle appartient la souris Rongeur
84%
Verbe En parlant d'un chat, émettre un bruit exprimant son contentement Ronronner
84%
Verbe Errer sans but précis Rôder
77%
Nom Rein des animaux de boucheries Rognon
74%
Nom Arbuste épineux et envahissant dont les baies sont les mûres sauvages Ronce
73%
Adjectif Qui manifeste une prédominance de sentimentalité Romantique
71%
Nom Fromage à moisissure interne venant de l'Aveyron Roquefort
71%
Nom Arbuste aromatique à fleurs bleues du bassin méditerranéen Romarin
70%
Verbe Familièrement, murmurer des paroles de mécontentement Ronchonner
66%
Verbe Racconter quelque chose en y ajoutant des faits inventés Romancer
61%
Nom En familier, c'est de la mauvaise humeur Rogne
52%
Nom Langue romane parlée en Suisse Romanche
48%
Nom Lors du travail des métaux en feuille, découpage du bord des pièces embouties Rognage
31%
Aucun quiz correspondant
Distribution des résultats
% des personnes avec chaque résultat
Percentile par nombre de réponses
Votre historique - résultats
Vous n’avez pas pris ce quiz